Nestraťme dieťa v dialógu

Dialóg rodičov a detí. Rodičovská rola v komunikácii. Dieťa a rodič ako partneri. Partnerská atmosféra rozhovoru. Komunikácia založená na príkazoch, zákazoch, výčitkách, hrozbách a irónii oberá dieťa o potrebu bezpečia a lásky. Pochvala dieťaťa - úsmevom, pohľadom, dotykmi a slovami....

Full description

Bibliographic Details
Main Author: Kesselová, Jana, 1962- (Author)
Format: Article
Language:Slovak

MARC

LEADER 00000nab a2200000 a 4500
001 vtls001504893
003 SK-MaSNL
005 20260304143954.0
008 250505s1998 xo 000 0 slo
035 |a SPKCL7220 
035 |a urn:nbn:sk:snk-abbyin 
035 |a (urnnbn)urn:nbn:sk:snk:ar-001cb4 
035 |a (uuid)284cbcb5-2dd3-4178-8537-cf6966e10e47 
040 |a SNKBUCL  |b slo  |c SNKBUCL  |e AACR2 
041 0 |a slo 
044 |a xo  |c SK 
080 |a 37.018.11:316.77  |2 1981 
100 1 |a Kesselová, Jana,  |d 1962-  |4 aut  |9 104839 
245 1 0 |a Nestraťme dieťa v dialógu  |c Jana Kesselová 
520 |a Dialóg rodičov a detí. Rodičovská rola v komunikácii. Dieťa a rodič ako partneri. Partnerská atmosféra rozhovoru. Komunikácia založená na príkazoch, zákazoch, výčitkách, hrozbách a irónii oberá dieťa o potrebu bezpečia a lásky. Pochvala dieťaťa - úsmevom, pohľadom, dotykmi a slovami. 
773 0 |t Rodina a škola  |g Roč. 46, č. 8 (1998) s. 12 
850 |a Slovenská národná knižnica 
852 |a Slovenská národná knižnica 
954 |a odborná, vedecká literatúra pôvodná (slovenská)  |2 lita 
958 |a article15 
958 |a OND 
958 |a EUIPO 
999 |c 2928613  |d 2930543